header

Shona sentential names (Record no. 38860)

MARC details
000 -LEADER
fixed length control field 01171nam a2200313 a 4500
100 1# - MAIN ENTRY--AUTHOR NAME
Personal name Mapara, Jacob.
245 10 - TITLE STATEMENT
Title Shona sentential names
260 ## - PUBLICATION, DISTRIBUTION, ETC. (IMPRINT)
Place of publication Mankon, Bamenda, Cameroon :
Name of publisher Langaa Research & Pub. CIG,
Year of publication 2013.
300 ## - PHYSICAL DESCRIPTION
Number of Pages x, 163 p.
650 #0 - SUBJECT ADDED ENTRY--TOPICAL TERM
Topical Term Names, Personal
Topical Term Names, African.
856 40 - ELECTRONIC LOCATION AND ACCESS
Uniform Resource Identifier http://site.ebrary.com/lib/rucke/Doc?id=10721190

No items available.

© 2026 Rongo University
Contact us: librarian | system librarian | Rongo university